|
|
|
|
| LEADER |
00000nab a2200000 ar4500 |
| 001 |
vtls008949030 |
| 003 |
SK-MaSNL |
| 005 |
20260426043452.0 |
| 008 |
070226c2006 xo mr|p|||||||000 b|slo |
| 015 |
|
|
|a SNBRB2007/02
|2 snkbucl
|
| 038 |
|
|
|a SNKBUCL
|
| 040 |
|
|
|a SNKBUCL
|b slo
|c SNKBUCL
|e AACR2
|
| 040 |
0 |
|
|a slo
|e AACR2
|
| 041 |
0 |
|
|a slo
|
| 044 |
|
|
|a xo
|c SK
|
| 080 |
|
|
|a 745.51
|2 2001
|
| 080 |
|
|
|a 929 Semančík, Miloslav
|2 2001
|
| 100 |
1 |
|
|a Bednár, Andrej,
|d 1945-2006
|4 aut
|9 212220
|
| 245 |
1 |
0 |
|a Z fúry tvorivých aktivít
|b výstava insitného umeleckého rezbára Miloslava Semančíka
|c Andrej Bednár
|
| 300 |
|
|
|b Fotogr.
|
| 600 |
1 |
7 |
|a Semančík, Miloslav
|d 1947-
|x výstavy
|2 snkbucl
|9 1115188
|
| 648 |
|
7 |
|a 2.-21.6.2006
|2 snkbucl
|9 1115189
|
| 651 |
|
7 |
|a Nowy Targ (Poľsko)
|2 snkbucl
|9 54569
|
| 773 |
0 |
|
|t Národná osveta
|g Roč. XVI, č. 11 (2006), s. 23
|x 1335-4515
|
| 852 |
|
|
|a SNK
|b KIS3GCP
|
| 958 |
|
|
|a BX
|
| 958 |
|
|
|a PL
|
| 999 |
|
|
|c 1841237
|d 1843167
|